00457nam a22001572 4500001001100000005001700011008004100028020002800069040001500097050001700112100003200129245005900161260002900220300001500249650003500264000000541020151217145825.0070613s xx 000 0 eng d a8189741047 :cKES 3,750 aKABUcKABU 0aZA4080b.R351 aRajagopalan, A.@000015672710aLibraries of the digital age :bissues and challenges. aNew Delhi :bSBS,c2006. aix, 330 p. 0aDigital libraries.@0000156726